| 000 | 00000nam##2200000za#4500 |
| 001 | 9.573984 |
| 003 | CaOODSP |
| 005 | 20210624183949 |
| 007 | cr ||||||||||| |
| 008 | 150406|1997||||xxc|||||o f|0| 0 eng|d |
| 022 | |a1488-5379 |
| 040 | |aCaOODSP|beng |
| 043 | |an-cn--- |
| 086 | 1 |aFs97-6/2180E-PDF |
| 110 | 1 |aCanada. |bDepartment of Fisheries and Oceans. |bCentral and Arctic Region. |
| 245 | 13|aAn assessment of the exploratory fishery and investigation of the population structure of broad whitefish (Coregonus nasus) from the Mackenzie River Delta, 1989-1993 / |h[electronic resource]|cby M.A Treble and R.F. Tallman. |
| 260 | |aWinnipeg - Manitoba : |bFisheries and Oceans Canada. |cc1997. |
| 300 | |a73p.|bfigs., maps, tables, index |
| 490 | 1 |aCanadian technical report of fisheries and aquatic sciences|x1488-5379|vNo. 2180 |
| 500 | |aThe catalogue number (Fs97-6/2180E) and ISSN (0706-6457) for the print edition have been incorrectly copied in this electronic publication. |
| 546 | |a(Résumé en français) |
| 590 | |a12-21-Supp|b2012-05-18 |
| 720 | 1 |aTreble, M.A. |
| 720 | 1 |aTallman, R.F. |
| 776 | 0#|tAn assessment of the exploratory fishery and investigation of the population structure of broad whitefish (Coregonus nasus) from the Mackenzie River Delta, 1989-1993 / |w(CaOODSP)9.614376 |
| 830 | #0|aCanadian technical report of fisheries and aquatic sciences,|x1488-5379|vNo. 2180|w(CaOODSP)9.504449 |
| 856 | 40|ahttp://publications.gc.ca|qPDF|s2.18 MB|uhttps://publications.gc.ca/collections/collection_2012/mpo-dfo/Fs97-6-2180-eng.pdf|yNo. 2180 |